Introduction to Forestry & Agroforestry (Record no. 10424)
[ view plain ]
| 000 -LEADER | |
|---|---|
| fixed length control field | 00468nam a22001937a 4500 |
| 003 - CONTROL NUMBER IDENTIFIER | |
| control field | OSt |
| 005 - DATE AND TIME OF LATEST TRANSACTION | |
| control field | 20241105095138.0 |
| 008 - FIXED-LENGTH DATA ELEMENTS--GENERAL INFORMATION | |
| fixed length control field | 241105b |||||||| |||| 00| 0 eng d |
| 040 ## - CATALOGING SOURCE | |
| Transcribing agency | MRSPTU |
| 041 ## - LANGUAGE CODE | |
| Language code of text/sound track or separate title | ENG |
| 082 ## - DEWEY DECIMAL CLASSIFICATION NUMBER | |
| Classification number | 634.99 |
| Item number | PA-I |
| 100 ## - MAIN ENTRY--PERSONAL NAME | |
| Personal name | Parthiban, K. T. |
| 245 ## - TITLE STATEMENT | |
| Title | Introduction to Forestry & Agroforestry |
| 260 ## - PUBLICATION, DISTRIBUTION, ETC. | |
| Place of publication, distribution, etc. | Jodhpur |
| Name of publisher, distributor, etc. | Scientific Pub. |
| Date of publication, distribution, etc. | 2023 |
| 300 ## - PHYSICAL DESCRIPTION | |
| Extent | 367 |
| 650 ## - SUBJECT ADDED ENTRY--TOPICAL TERM | |
| Topical term or geographic name entry element | Agriculture |
| 700 ## - ADDED ENTRY--PERSONAL NAME | |
| Personal name | Kumar, Krishan |
| 942 ## - ADDED ENTRY ELEMENTS (KOHA) | |
| Source of classification or shelving scheme | Dewey Decimal Classification |
| Koha item type | Book |
| Suppress in OPAC | No |
| Withdrawn status | Lost status | Source of classification or shelving scheme | Damaged status | Not for loan | Home library | Current library | Date acquired | Total checkouts | Full call number | Barcode | Date last seen | Price effective from | Koha item type |
|---|---|---|---|---|---|---|---|---|---|---|---|---|---|
| Dewey Decimal Classification | MRSPTU Central Library | MRSPTU Central Library | 11/05/2024 | 634.99 PA-I | 41762 | 11/05/2024 | 11/05/2024 | Book | |||||
| Dewey Decimal Classification | MRSPTU Central Library | MRSPTU Central Library | 11/05/2024 | 634.99 PA-I | 41763 | 11/05/2024 | 11/05/2024 | Book | |||||
| Dewey Decimal Classification | MRSPTU Central Library | MRSPTU Central Library | 11/05/2024 | 634.99 PA-I | 41764 | 11/05/2024 | 11/05/2024 | Book | |||||
| Dewey Decimal Classification | MRSPTU Central Library | MRSPTU Central Library | 11/05/2024 | 634.99 PA-I | 41765 | 11/05/2024 | 11/05/2024 | Book | |||||
| Dewey Decimal Classification | MRSPTU Central Library | MRSPTU Central Library | 11/05/2024 | 634.99 PA-I | 41766 | 11/05/2024 | 11/05/2024 | Book | |||||
| Dewey Decimal Classification | MRSPTU Central Library | MRSPTU Central Library | 11/05/2024 | 634.99 PA-I | 41767 | 11/05/2024 | 11/05/2024 | Book | |||||
| Dewey Decimal Classification | MRSPTU Central Library | MRSPTU Central Library | 11/05/2024 | 634.99 PA-I | 41768 | 11/05/2024 | 11/05/2024 | Book | |||||
| Dewey Decimal Classification | MRSPTU Central Library | MRSPTU Central Library | 11/05/2024 | 634.99 PA-I | 41769 | 11/05/2024 | 11/05/2024 | Book |
